La piedad popular en América Latina (Registro nro. 69886)
[ vista simple ]
| 000 -LÍDER | |
|---|---|
| Campo fijo de descripción fija | 01216nab a2200229 i 4500 |
| 001 - NÚMERO DE CONTROL | |
| Campo de control | 768714001 |
| 003 - IDENTIFICADOR DEL NÚMERO DE CONTROL | |
| Campo de control | CO-MdFUSB |
| 005 - FECHA Y HORA DE LA ULTIMA TRANSACCIÓN | |
| control field | 20240523155709.0 |
| 008 - ELEMENTOS DE LONGITUD FIJA -- INFORMACIÓN GENERAL | |
| Campo fijo de descripción fija -- Información general | 240523t1974 sp ||||| |||| 00| 0 spa d |
| 040 ## - FUENTE DE CATALOGACIÓN | |
| Idioma de catalogación | spa |
| Agencia que realiza la transcripción | CO-MdFUSB |
| Agencia que realiza la modificación | CO-MdFUSB |
| 041 ## - CÓDIGO DE IDIOMA | |
| Código de idioma para texto/pista de sonido o título separado | spa |
| 100 ## - ASIENTO PRINCIPAL--NOMBRE PERSONAL | |
| Nombre personal | Míguez Bonino, José, |
| Término relacionador | autor |
| 245 #3 - TÍTULO | |
| Título | La piedad popular en América Latina |
| Mención de responsabilidad | / José Miguez Bonino ; traducido por |
| 520 ## - NOTA DE RESUMEN, ETC. | |
| Nota de sumario, etc. | Tanto la variedad y heterogeneidad de los fenómenos que caen bajo la designación común de «piedad popular» como la divergencia de las interpretaciones hacen de éste un tema de difícil aproximación. Sin embargo, reviste una importancia teórico-práctica que lo torna ineludible sea para la consideración de la problemática religiosa como de la sociopolítica latinoamericana y la indisoluble vinculación de ambas.<br/> |
| 650 #7 - ASIENTO SECUNDARIO DE MATERIA - TERMINO TEMÁTICO | |
| Término temático o nombre geográfico como elemento de entrada | Teología de la liberación |
| 9 (RLIN) | 449 |
| 650 #7 - ASIENTO SECUNDARIO DE MATERIA - TERMINO TEMÁTICO | |
| Término temático o nombre geográfico como elemento de entrada | Filosofía y religión |
| 9 (RLIN) | 198 |
| 650 #7 - ASIENTO SECUNDARIO DE MATERIA - TERMINO TEMÁTICO | |
| Término temático o nombre geográfico como elemento de entrada | Fe |
| 9 (RLIN) | 531 |
| 650 #7 - ASIENTO SECUNDARIO DE MATERIA - TERMINO TEMÁTICO | |
| Término temático o nombre geográfico como elemento de entrada | Cristianismo y cultura |
| Subdivisión geográfica | América Latina |
| 9 (RLIN) | 6961 |
| 773 0# - ASIENTO DE ITEM FUENTE | |
| Biblionumber | 49450 |
| Itemnumber | 82676 |
| Otro identificador del ítem | R2586 |
| Título | Revista internacional de teología Concilium |
| Número de control del registro | (CO-MdFUSB)8 |
| Número Internacional Normalizado para Publicaciones Seriadas (ISSN) | 0210-1041 |
| Parte(s) relacionada(s) / Volumen., número. (mes año), páginas | Volumen 96, (junio , 1974), páginas: 440 - 447 |
| Enumeración y primera página | páginas: 440 |
| 942 ## - TIPO DE MATERIAL (KOHA) | |
| Tipo de Item KOHA | Artículos de Revista |
| 945 ## - INFORMACIÓN LOCAL DEL REGISTRO | |
| Catalogador | c |
No hay ítems disponibles.
